000
00294pam a2200133 a 4500
020
_c
041
_h
082
_a
708
_b
KUL
100
_a
Uma Nair .
245
_a
Prabhakar Kolte
_h
Textual Documents
260
_a
[s.l]:
_b
Vadhera Art Gallery,
_c
2007.
300
_a
50:
_b
Hard.
930
_a
7080
999
_c
240870
_d
240870